000 00223nam a2200097 a 4500
005 20140414132006.0
008 110222s19uu xx 00 eng d
050 _aDVD
_bAL4
245 _aAlice in Wonderland.
999 _c113177
_d113177